Score 0/10 Timer 01:30
0 Plays Today
Country City % Correct
ItalyRome
100%
JapanTokyo
95.7%
ChinaBeijing
95.7%
EgyptCairo
95.7%
SpainMadrid
95.7%
IsraelJerusalem
95.7%
United KingdomLondon
95.7%
South AfricaJohannesburg
89.4%
HungaryBudapest
87.2%
Dominican RepublicSanto Domingo
76.6%
Remove Ads.
Support Sporcle.
Get the best of Sporcle when you Go Orange. This ad-free experience offers more features, more stats, and more fun while also helping to support Sporcle. Thank you for becoming a member.

You're not logged in!

Compare scores with friends on all Sporcle quizzes.
OR
Log In

Sporcle TV

Today on Sporcle TV


Watch our educational content, quiz creation guides, and fun videos on Sporcle TV.

Show Comments

Extras

Top Quizzes Today


Score Distribution

Paid Content

Your Account Isn't Verified!

In order to create a playlist on Sporcle, you need to verify the email address you used during registration. Go to your Sporcle Settings to finish the process.

Report this User

Report this user for behavior that violates our Community Guidelines.

Details: